Normal view
MARC view
- INSTRUMENTS IN HRD AND OD
Entry Topical Term
001 - CONTROL NUMBER
- control field: 63419
003 - CONTROL NUMBER IDENTIFIER
- control field: NUST
005 - DATE AND TIME OF LATEST TRANSACTION
- control field: 20210628203122.0
008 - FIXED-LENGTH DATA ELEMENTS
- fixed length control field: 210628|| aca||aabn | a|a d
040 ## - CATALOGING SOURCE
- Original cataloging agency: NUST
- Transcribing agency: NUST
150 ## - HEADING--TOPICAL TERM
- Topical term or geographic name entry element: INSTRUMENTS IN HRD AND OD
670 ## - SOURCE DATA FOUND
- Source citation: Work cat.: (NUST): Pareek, Udai 63418, Training instruments in hrd and od, 2002
